MARC details
| 000 -LEADER |
| fixed length control field |
03754nam a2200469 a 4500 |
| 001 - CONTROL NUMBER |
| control field |
001358520 |
| 003 - CONTROL NUMBER IDENTIFIER |
| control field |
AM-YeHGA |
| 005 - DATE AND TIME OF LATEST TRANSACTION |
| control field |
20250618075738.0 |
| 008 - FIXED-LENGTH DATA ELEMENTS--GENERAL INFORMATION |
| fixed length control field |
170512m19271939ru abc|frde|||000|0drus|| |
| 040 ## - CATALOGING SOURCE |
| Original cataloging agency |
AM-YeHGA |
| 041 0# - LANGUAGE CODE |
| Language code of text/sound track or separate title |
rus |
| 090 ## - LOCALLY ASSIGNED LC-TYPE CALL NUMBER (OCLC); LOCAL CALL NUMBER (RLIN) |
| -- |
495270 |
| 245 00 - TITLE STATEMENT |
| Title |
Энциклопедический словарь Русского библиографического института Гранат |
| 250 ## - EDITION STATEMENT |
| Edition statement |
7-е изд. |
| 260 ## - PUBLICATION, DISTRIBUTION, ETC. |
| Place of publication, distribution, etc. |
Москва : |
| Name of publisher, distributor, etc. |
Рус. библиогр. инст. Гранат, |
| Date of publication, distribution, etc. |
[1927] - |
| -- |
[1939]. |
| 300 ## - PHYSICAL DESCRIPTION |
| Extent |
Том ; |
| Dimensions |
24 см. |
| 500 ## - GENERAL NOTE |
| General note |
До 33-го т. под ред. проф. Ю. С. Гамбарова, проф. В. Я. Железнова и др. |
| 505 10 - FORMATTED CONTENTS NOTE |
| Miscellaneous information |
Т. 36, Ч. 6 ([1938], 666 стб., 84 с.: карт. ) : |
| Title |
Россия. - Румыния |
| 505 10 - FORMATTED CONTENTS NOTE |
| Miscellaneous information |
Т. 41, Ч. 1 (Б. г., 556, 350 стб., [2] л. карт. ) : |
| Title |
Социальная гигиена - Союз Советских Социалистических республик |
| 505 10 - FORMATTED CONTENTS NOTE |
| Miscellaneous information |
Т. 41, Ч. 2 ([1929], 544, 244 стб., 28 л. карт. : табл. ) : |
| Title |
Союз Советских Социалистических республик |
| 505 10 - FORMATTED CONTENTS NOTE |
| Miscellaneous information |
Т. 41, Ч. 3 (Б. г., 588, 304 стб. : табл.) : |
| Title |
Союз Советских Социалистических республик : (Окончание) |
| 505 10 - FORMATTED CONTENTS NOTE |
| Miscellaneous information |
Т. 41, Ч. 4 ([1930] , 727 стб. : ил., портр., табл. ) : |
| Title |
Союз союзов - Стрелковский |
| 505 10 - FORMATTED CONTENTS NOTE |
| Miscellaneous information |
Т. 41, Ч. 5 ([1927], 692 стб. : ил., портр., табл. ) : |
| Title |
Стрелолист - Северных |
| 505 10 - FORMATTED CONTENTS NOTE |
| Miscellaneous information |
Т. 41, Ч. 6 ([1929], 776 стб. : ил., карт., табл. ) : |
| Title |
Северо-Американские Соединенные штаты - Тампа |
| 505 10 - FORMATTED CONTENTS NOTE |
| Miscellaneous information |
Т. 41, Ч. 7 ([1929], 704 стб. : ил., портр., табл. ) : |
| Title |
Тамплиеры - Тецель |
| 505 10 - FORMATTED CONTENTS NOTE |
| Miscellaneous information |
Т. 41, Ч. 8 ([1929], 658 стб. : ил., портр., табл. ) : |
| Title |
Течения морские - Торс |
| 505 10 - FORMATTED CONTENTS NOTE |
| Miscellaneous information |
Т. 43 ([1932], 768 стб. : ил., портр.) : |
| Title |
Фалернское - Фистула |
| 505 10 - FORMATTED CONTENTS NOTE |
| Miscellaneous information |
Т. 44 ([1931], 658 стб. : ил., портр.) : |
| Title |
Фита - Франция |
| 505 10 - FORMATTED CONTENTS NOTE |
| Miscellaneous information |
Т. 45, Ч. 1 ([1927], 672 стб. : ил.) : |
| Title |
Франция - Фуганок |
| 505 10 - FORMATTED CONTENTS NOTE |
| Miscellaneous information |
Т. 45, Ч. 2 ([1928], 788 стб. : ил., карт., табл.) : |
| Title |
Фугас - Христианский социализм |
| 505 10 - FORMATTED CONTENTS NOTE |
| Miscellaneous information |
Т. 45, Ч. 3 ([1929], 832 стб. : ил.) : |
| Title |
Христианстад - Чети |
| 505 10 - FORMATTED CONTENTS NOTE |
| Miscellaneous information |
Т. 46 ([1927], 600 стб. : ил., табл., карт.) : |
| Title |
Четырехлетняя война и ее эпоха |
| 505 10 - FORMATTED CONTENTS NOTE |
| Miscellaneous information |
Т. 47 ([1927], 750, 94 стб. : табл., карт.) : |
| Title |
Четырехлетняя война 1914-1918 и ее эпоха : (продолжение) |
| 505 10 - FORMATTED CONTENTS NOTE |
| Miscellaneous information |
Т. 48 ([1935], 712, 150 стб. : табл., карт.) : |
| Title |
Четырехлетняя война 1914-1918 (окончание) - Чулков |
| 505 10 - FORMATTED CONTENTS NOTE |
| Miscellaneous information |
Т. 55 ([1938], 742 стб. : табл.) : |
| Title |
Эпоха мирового кризиса, экономического, социального и политического |
| 505 10 - FORMATTED CONTENTS NOTE |
| Miscellaneous information |
Т. 57 ([1939], 910 стб. : карт., табл.) : |
| Title |
Эпоха социалистической реконструкции народного хозяйства СССР |
| 650 14 - SUBJECT ADDED ENTRY--TOPICAL TERM |
| Topical term or geographic name entry element |
Энциклопедический словарь |
| 700 1# - ADDED ENTRY--PERSONAL NAME |
| Personal name |
Железнов, В.Я. |
| Relator term |
ред. |
| Relationship |
edt |
| 700 1# - ADDED ENTRY--PERSONAL NAME |
| Personal name |
Ղամբարով, Յուրի Ստեփանի, |
| Dates associated with a name |
1850-1926 |
| Relator term |
ред. |
| Relationship |
edt |
| 9 (RLIN) |
840 |
| 710 2# - ADDED ENTRY--CORPORATE NAME |
| Corporate name or jurisdiction name as entry element |
Русский библиографический институт "Гранат" |
| 942 ## - ADDED ENTRY ELEMENTS (KOHA) |
| Source of classification or shelving scheme |
Universal Decimal Classification |
| Koha item type |
Գրքեր / Books |